[Event "Int. Championship of Central Serbia - OP"]
[Site "Paracin"]
[Date "2011.07.14"]
[Round "8.1"]
[White "Majstorovic, Dusan"]
[Black "Drobne, Marjan"]
[Result "0-1"]
[WhiteElo "2067"]
[BlackElo "2060"]
[PlyCount "70"]
[EventDate "2011.07.08"]

1. e4 e5 2. Nf3 Nc6 3. Bb5 Nge7 4. c3 g6 5. d4 exd4 6. cxd4 Bg7 7. Bg5 O-O 8.
Nc3 f6 9. Be3 a6 10. Bc4+ Kh8 11. Qd2 b5 12. Bb3 Na5 13. Bh6 Nxb3 14. axb3 Bb7
15. O-O b4 16. Bxg7+ Kxg7 17. Ne2 Bxe4 18. Qxb4 Bxf3 19. gxf3 c6 20. Nf4 Nf5
21. Rfe1 Qb8 22. Qd2 Qxb3 23. Ra3 Qb8 24. Ra5 Nh4 25. Re3 Rf7 26. Rea3 Re7 27.
Ng2 Nf5 28. Ne3 Nh4 29. Ng4 Kf7 30. h3 Qd6 31. Nh2 Nf5 32. d5 Rae8 33. Ra1 Re2
34. Qc3 Rxf2 35. f4 Ree2 0-1

[Event "Int. Championship of Central Serbia - OP"]
[Site "Paracin"]
[Date "2011.07.14"]
[Round "8.2"]
[White "Hrenic, Misa"]
[Black "Arandjelovic, Aleksandar Z"]
[Result "1-0"]
[WhiteElo "2044"]
[BlackElo "2065"]
[PlyCount "83"]
[EventDate "2011.07.08"]

1. e4 c5 2. Nf3 d6 3. d4 cxd4 4. Nxd4 Nf6 5. Nc3 a6 6. Be3 e5 7. Nb3 Be7 8. f3
Be6 9. Qd2 Nbd7 10. O-O-O O-O 11. g4 b5 12. g5 b4 13. Ne2 Nh5 14. f4 Nxf4 15.
Nxf4 exf4 16. Bxf4 Bxb3 17. cxb3 Nc5 18. Bg2 Qa5 19. Kb1 Rad8 20. h4 Qb5 21.
Rhe1 a5 22. Bf1 Qb8 23. Bc4 a4 24. h5 axb3 25. axb3 Qa7 26. g6 Ra8 27. gxf7+
Kh8 28. h6 Bf6 29. e5 Nxb3 30. Qe2 Qa2+ 31. Kc2 Rac8 32. exf6 Na1+ 33. Kd2
Qxb2+ 34. Ke3 Qxf6 35. hxg7+ Qxg7 36. Kf3 Qc3+ 37. Rd3 Qg7 38. Rxd6 Rc5 39. Be5
Rxe5 40. Qxe5 Nc2 41. Qxg7+ Kxg7 42. Rg1+ 1-0

[Event "Int. Championship of Central Serbia - OP"]
[Site "Paracin"]
[Date "2011.07.14"]
[Round "8.4"]
[White "Mirkovic, Dejan"]
[Black "Radovic, Janko"]
[Result "1-0"]
[WhiteElo "1903"]
[BlackElo "1985"]
[PlyCount "67"]
[EventDate "2011.07.08"]

1. d4 Nf6 2. Nf3 g6 3. e3 Bg7 4. Be2 O-O 5. O-O d5 6. Nbd2 Nbd7 7. b3 c5 8. Bb2
b6 9. c4 Bb7 10. Rc1 e6 11. Rc2 Ne4 12. Qa1 Qe7 13. dxc5 Bxb2 14. Qxb2 bxc5 15.
cxd5 exd5 16. Rd1 Rfd8 17. h3 Nxd2 18. Rcxd2 Nf6 19. Qa3 Rd7 20. Rc2 Rc7 21.
Rdc1 Ne4 22. Ne1 a6 23. Bf3 Rac8 24. Nd3 c4 25. Qxe7 Rxe7 26. Nb2 Nd2 27. Bg4
f5 28. Bd1 Rec7 29. bxc4 dxc4 30. Na4 Rd8 31. f3 c3 32. Rxc3 Rxc3 33. Nxc3 Nc4
34. Bb3 1-0

[Event "Int. Championship of Central Serbia - OP"]
[Site "Paracin"]
[Date "2011.07.14"]
[Round "8.5"]
[White "Ostojic, Nikola M"]
[Black "Stojanovic, Vladimir M"]
[Result "1/2-1/2"]
[WhiteElo "2093"]
[BlackElo "1938"]
[PlyCount "109"]
[EventDate "2011.07.08"]

1. d4 Nf6 2. c4 c5 3. d5 e5 4. dxe6 fxe6 5. Nf3 Nc6 6. Bg5 Be7 7. e3 O-O 8. Be2
d5 9. cxd5 exd5 10. O-O Be6 11. Nbd2 Qb6 12. Nb3 a5 13. Qc1 a4 14. Nbd2 Qc7 15.
Bf4 Bd6 16. Qxc5 Bxf4 17. exf4 Qxf4 18. Rac1 Ne4 19. Nxe4 dxe4 20. Nd4 Nxd4 21.
Qxd4 Bxa2 22. Bc4+ Bxc4 23. Rxc4 Rfd8 24. Qxe4 Qxe4 25. Rxe4 Rd7 26. g3 b5 27.
Re2 b4 28. Ra1 Kf7 29. Re4 Rb7 30. Kg2 a3 31. bxa3 bxa3 32. Ra2 Rb2 33. Rxb2
axb2 34. Rb4 Ra2 35. Kf3 Ke6 36. Ke4 Kd6 37. Kd3 g6 38. h4 Ra3+ 39. Ke2 Ra2 40.
Kd3 Kd5 41. Kc2 b1=Q+ 42. Kxb1 Rxf2 43. Rb7 h5 44. Rb5+ Ke4 45. Rb6 Kf5 46.
Rb5+ Kf6 47. Rb6+ Kg7 48. Rb3 Rd2 49. Kc1 Rd5 50. Rf3 Kh6 51. Kc2 g5 52. Rf6+
Kg7 53. hxg5 Rxg5 54. Rf3 Rd5 55. Rd3 1/2-1/2

[Event "Int. Championship of Central Serbia - OP"]
[Site "Paracin"]
[Date "2011.07.14"]
[Round "8.6"]
[White "Djuretanovic, Ivan"]
[Black "Bratkovic, Sham"]
[Result "1-0"]
[WhiteElo "2077"]
[BlackElo "1792"]
[PlyCount "115"]
[EventDate "2011.07.08"]

1. e4 e5 2. Nf3 Nc6 3. Bc4 Nf6 4. d3 Be7 5. a3 O-O 6. Nc3 d6 7. h3 Be6 8. Bxe6
fxe6 9. Be3 Qe8 10. Qd2 a6 11. d4 exd4 12. Nxd4 Nxd4 13. Bxd4 Qg6 14. Qe2 Qxg2
15. O-O-O Ne8 16. Rdg1 Qf3 17. Qc4 Qf7 18. f4 Qxf4+ 19. Kb1 Qh6 20. Rg3 Kh8 21.
Rhg1 Rg8 22. h4 e5 23. Be3 Qxh4 24. Rg4 Qh3 25. R4g3 Qh5 26. Qe6 Bh4 27. Rh3 g5
28. Nd5 Qg6 29. Qe7 Rg7 30. Qf8+ Rg8 31. Qe7 Rg7 32. Qf8+ Rg8 33. Qf3 Qe6 34.
Qh1 c6 35. Nb6 Rd8 36. Bxg5 Rxg5 37. Rxg5 Bxg5 38. Rxh7+ Kg8 39. Rh8+ Kf7 40.
Qh5+ Kf6 41. Rf8+ Ke7 42. Qxg5+ Kxf8 43. Qxd8 Qe7 44. Qc8 Qc7 45. Qf5+ Qf7 46.
Qh3 Qg6 47. Nc4 Qxe4 48. Qh8+ Ke7 49. Qxe8+ Kxe8 50. Nxd6+ Kd7 51. Nxe4 Ke6 52.
Nc5+ Kf5 53. Nxb7 Kf4 54. Kc1 Ke3 55. Kd1 e4 56. Ke1 Kf3 57. Nc5 a5 58. Nb3 1-0

[Event "Int. Championship of Central Serbia - OP"]
[Site "Paracin"]
[Date "2011.07.14"]
[Round "8.7"]
[White "Bratkovic, Jakob"]
[Black "Nikolic, Vladimir"]
[Result "0-1"]
[WhiteElo "1838"]
[BlackElo "1999"]
[PlyCount "108"]
[EventDate "2011.07.08"]

1. e4 Nf6 2. e5 Nd5 3. d4 d6 4. c4 Nb6 5. exd6 exd6 6. Nc3 Be7 7. h3 Bf5 8. Nf3
O-O 9. Be2 Re8 10. O-O Nc6 11. d5 Nb4 12. Nd4 Bg6 13. a3 Na6 14. f4 f5 15. Be3
Bf6 16. Ne6 Qe7 17. Bd4 Nc5 18. Bxf6 gxf6 19. Nxc5 Qe3+ 20. Kh1 Qxc5 21. b4 Qe3
22. Rf3 Qe7 23. Rg3 a5 24. Bh5 Kf7 25. Be2 axb4 26. axb4 Qf8 27. Rxa8 Rxa8 28.
Nb5 Qe7 29. h4 Qe4 30. Nxc7 Ra2 31. Bd3 Qxf4 32. Rh3 Rd2 33. Qe1 Kg8 34. Rf3
Qh6 35. Bxf5 Bxf5 36. Rxf5 Qg6 37. Qe6+ Kh8 38. Qxf6+ Qxf6 39. Rxf6 Nxc4 40. h5
Ne3 41. Re6 Ng4 42. g3 Rh2+ 43. Kg1 Rxh5 44. Rxd6 Kg8 45. Rd8+ Kf7 46. d6 Re5
47. Rb8 Re1+ 48. Kg2 Rd1 49. Rxb7 Kg6 50. Nb5 h5 51. d7 Rd2+ 52. Kf1 Nh2+ 53.
Kg1 Nf3+ 54. Kh1 Rh2# 0-1

[Event "Int. Championship of Central Serbia - OP"]
[Site "Paracin"]
[Date "2011.07.14"]
[Round "8.8"]
[White "Milosavljevic, Milica"]
[Black "Jaklin, Damir"]
[Result "1/2-1/2"]
[WhiteElo "1881"]
[BlackElo "1984"]
[PlyCount "42"]
[EventDate "2011.07.08"]

1. Nc3 c5 2. Nf3 Nc6 3. d4 cxd4 4. Nxd4 d5 5. Bf4 a6 6. e4 e6 7. exd5 exd5 8.
Be2 Bc5 9. Be3 Be7 10. Bf3 Nf6 11. O-O O-O 12. Bg5 h6 13. Bh4 Qd6 14. Bg3 Qd8
15. Re1 Re8 16. Bh4 Rf8 17. Nb3 d4 18. Bxc6 dxc3 19. Qxd8 Bxd8 20. Bf3 cxb2 21.
Rab1 Ra7 1/2-1/2

[Event "Int. Championship of Central Serbia - OP"]
[Site "Paracin"]
[Date "2011.07.14"]
[Round "8.11"]
[White "Zajic, Milun"]
[Black "Krstic, Aca"]
[Result "0-1"]
[WhiteElo "1779"]
[BlackElo "2074"]
[PlyCount "77"]
[EventDate "2011.07.08"]

1. c4 e5 2. g3 Nc6 3. Bg2 g6 4. Nc3 Bg7 5. e3 d6 6. Nge2 Nge7 7. O-O O-O 8. Rb1
a5 9. a3 Be6 10. Nd5 f5 11. d3 Bf7 12. Nec3 h6 13. b4 axb4 14. axb4 Nxd5 15.
Nxd5 Nb8 16. Qc2 c6 17. Nc3 Qd7 18. Re1 Rc8 19. b5 e4 20. dxe4 cxb5 21. exf5
Rxc4 22. fxg6 Be6 23. Bb2 b4 24. Qd3 bxc3 25. Bd5 Rc5 26. Bxb7 Ra7 27. Ba3 Rc7
28. Bd5 Na6 29. Qf5 Bxd5 30. Qxd5+ Kh8 31. Rb6 Nc5 32. Rxd6 Rxa3 33. Rxd7 Nxd7
34. Rb1 c2 35. Rb8+ Nf8 36. Rxf8+ Bxf8 37. Qe5+ Rg7 38. Qb2 Ra2 39. Qxa2 0-1

[Event "Int. Championship of Central Serbia - OP"]
[Site "Paracin"]
[Date "2011.07.14"]
[Round "8.12"]
[White "Radovanovic, Miroljub B"]
[Black "Arsic, Djordje"]
[Result "0-1"]
[WhiteElo "2018"]
[BlackElo "1854"]
[PlyCount "49"]
[EventDate "2011.07.08"]

1. e4 e5 2. Nf3 Nc6 3. d4 exd4 4. Nxd4 Nf6 5. Bg5 h6 6. Nxc6 bxc6 7. Bxf6 Qxf6
8. Nc3 Rb8 9. Na4 Rb4 10. c4 Rxa4 11. Be2 Bb4+ 12. Kf1 Bc5 13. Bf3 Qxb2 14. Be2
Rxa2 15. Rb1 Qd4 16. Qxd4 Bxd4 17. g4 O-O 18. h4 g6 19. f4 d6 20. f5 Ra1 21.
Kg2 Rxb1 22. Rxb1 Bb6 23. c5 Bxc5 24. Bc4 Kg7 25. Rb8 0-1

[Event "Int. Championship of Central Serbia - OP"]
[Site "Paracin"]
[Date "2011.07.14"]
[Round "8.13"]
[White "Zivkovic, Zivojin"]
[Black "Draskovic, Davor"]
[Result "1-0"]
[WhiteElo "1984"]
[BlackElo "1778"]
[PlyCount "155"]
[EventDate "2011.07.08"]

1. Nf3 Nf6 2. g3 c5 3. Bg2 g6 4. d3 Bg7 5. O-O O-O 6. c4 Nc6 7. Nc3 d6 8. Rb1
Bd7 9. a3 Nd4 10. e4 Bg4 11. Be3 Bxf3 12. Bxf3 Nxf3+ 13. Qxf3 Nd7 14. Qd1 Ne5
15. f4 Nc6 16. Ne2 Qd7 17. Kg2 Nd4 18. Nxd4 cxd4 19. Bd2 f5 20. Qe2 Qc6 21.
Rfe1 Rae8 22. Qf3 e5 23. exf5 gxf5 24. fxe5 dxe5 25. Qxc6 bxc6 26. Bb4 Rf7 27.
Bc5 e4 28. Rbd1 Rd7 29. g4 Re5 30. b4 e3 31. g5 Bf8 32. Bxf8 Kxf8 33. Kf3 Kg7
34. Kf4 Rde7 35. Re2 Kg6 36. Rg1 R5e6 37. Rg3 Rf7 38. Rh3 Kg7 39. Rf3 h6 40.
gxh6+ Rxh6 41. Ke5 f4 42. c5 Rh5+ 43. Kxd4 Rff5 44. Kc4 Rhg5 45. Kd4 Kf6 46.
Ke4 Rg4 47. h3 Rh4 48. d4 Ke6 49. a4 a6 50. Rg2 Rf6 51. Kd3 Kf5 52. Rg8 Re6 53.
Ke2 Ke4 54. Rd8 Rg6 55. Re8+ Kxd4 56. Rd8+ Kc4 57. Rf8 Kxb4 58. R3xf4+ Rxf4 59.
Rxf4+ Kxc5 60. Kxe3 Re6+ 61. Re4 Rh6 62. h4 Kd5 63. Rd4+ Ke5 64. Rg4 Kf5 65.
Kf3 Rd6 66. Rg5+ Kf6 67. Ra5 c5 68. h5 Kg5 69. Rxc5+ Kh6 70. Ke4 Rb6 71. Kd4
Rf6 72. Kc3 Rb6 73. a5 Rf6 74. Rd5 Rc6+ 75. Kb4 Kh7 76. Rg5 Re6 77. Kc5 Rf6 78.
Rd5 1-0

[Event "Int. Championship of Central Serbia - OP"]
[Site "Paracin"]
[Date "2011.07.14"]
[Round "8.14"]
[White "Jovic, Branko"]
[Black "Unuk, Laura"]
[Result "1-0"]
[WhiteElo "1981"]
[BlackElo "1762"]
[PlyCount "117"]
[EventDate "2011.07.08"]

1. e4 d6 2. d4 Nf6 3. Nc3 g6 4. f4 Bg7 5. Nf3 c5 6. Bc4 cxd4 7. Qxd4 Nc6 8. Qd3
O-O 9. h3 h5 10. Be3 Na5 11. O-O Nxc4 12. Qxc4 Be6 13. Qe2 Qc7 14. Qf2 Bc4 15.
Rfe1 b6 16. Nd4 Qb7 17. Qf3 Rac8 18. Rad1 Rfd8 19. Bf2 e6 20. Rd2 d5 21. e5 Ne4
22. Nxe4 dxe4 23. Qxe4 Bd5 24. Qe2 Bxg2 25. Bh4 Bxh3 26. Bxd8 Rxd8 27. Qf3 Qxf3
28. Nxf3 Rxd2 29. Nxd2 Bh6 30. Re4 Bf5 31. Rc4 b5 32. Rd4 Bxc2 33. Ne4 Bxe4 34.
Rxe4 Kf8 35. Kg2 Ke8 36. Rd4 Bf8 37. Kf3 Bc5 38. Rd3 Ke7 39. Rc3 Bb6 40. Rb3
Kd7 41. Rxb5 Kc6 42. Rb3 Kc7 43. Rc3+ Kd7 44. Ke4 h4 45. Rh3 Bf2 46. Kf3 Be1
47. Kg4 Kc6 48. Ra3 Kb6 49. Rb3+ Kc7 50. Rh3 Kc6 51. Rxh4 Bxh4 52. Kxh4 Kd5 53.
Kg5 Ke4 54. b4 a6 55. a4 Kd5 56. b5 axb5 57. axb5 Kc5 58. Kf6 Kxb5 59. Kxf7 1-0

[Event "Int. Championship of Central Serbia - OP"]
[Site "Paracin"]
[Date "2011.07.14"]
[Round "8.15"]
[White "Stojkovic, Dragan D"]
[Black "Gajic, Bozur"]
[Result "1-0"]
[WhiteElo "1905"]
[BlackElo "1723"]
[PlyCount "103"]
[EventDate "2011.07.08"]

1. d4 d5 2. Nf3 c6 3. c3 Nf6 4. Bg5 e6 5. Nbd2 Be7 6. Qc2 Nbd7 7. h3 b6 8.
O-O-O Bb7 9. g4 Rc8 10. Bf4 c5 11. e3 a6 12. Rg1 g6 13. Bg3 b5 14. Ne5 cxd4 15.
exd4 b4 16. c4 dxc4 17. Nexc4 Nb6 18. Be5 O-O 19. f3 a5 20. b3 Nfd5 21. Qd3 a4
22. Kb2 Ra8 23. Nb1 axb3 24. axb3 Ba6 25. Qd2 f6 26. Bg3 Nxc4+ 27. Bxc4 Bxc4
28. bxc4 Qa5 29. Kc2 b3+ 30. Kd3 Bb4 31. Qb2 Nc3 32. Nxc3 Ba3 33. Qxb3 Rfb8 34.
Nb5 e5 35. Ra1 Qd8 36. Rxa3 Rxa3 37. Qxa3 Rxb5 38. d5 Ra5 39. Qb4 Qa8 40. Rb1
Ra3+ 41. Ke2 Ra2+ 42. Kf1 Qa6 43. Qb8+ Kg7 44. Qb7+ Qxb7 45. Rxb7+ Kh6 46. d6
f5 47. Bxe5 fxg4 48. hxg4 Kg5 49. Bg3 Rd2 50. c5 h6 51. d7 Kf6 52. Bd6 1-0

[Event "Int. Championship of Central Serbia - OP"]
[Site "Paracin"]
[Date "2011.07.14"]
[Round "8.16"]
[White "Stojadinovic, Tomislav"]
[Black "Djukanovic, Mitar"]
[Result "0-1"]
[WhiteElo "1903"]
[BlackElo "1719"]
[PlyCount "134"]
[EventDate "2011.07.08"]

1. d4 g6 2. c4 Bg7 3. Nf3 d6 4. Nc3 f5 5. e4 fxe4 6. Nxe4 Nf6 7. Nc3 Bg4 8. Be2
O-O 9. Qb3 Bc8 10. O-O c6 11. Rd1 Nbd7 12. Bf4 Nh5 13. Be3 Nf4 14. Bf1 e5 15.
dxe5 Nxe5 16. Nxe5 Bxe5 17. g3 Nh5 18. Bg2 Qc7 19. Bh6 Rd8 20. Re1 Qf7 21. Rad1
Be6 22. Bf1 b5 23. Ne4 bxc4 24. Qe3 Bd5 25. Nc5 Qc7 26. Rxd5 cxd5 27. Ne6 Qb6
28. Nxd8 Qxe3 29. Bxe3 Rxd8 30. Bg2 d4 31. Bd5+ Kh8 32. Bg5 Rc8 33. f4 Bf6 34.
Bxf6+ Nxf6 35. Rd1 Nxd5 36. Rxd4 Rc5 37. Kf2 Nf6 38. h3 d5 39. Ke3 Kg7 40. Rd2
Kf7 41. Kd4 Ne4 42. Rg2 Ra5 43. a3 Ke6 44. g4 Rb5 45. Re2 Rb3 46. f5+ Kf6 47.
Kxd5 c3 48. bxc3 Nxc3+ 49. Kc4 Nxe2 50. Kxb3 gxf5 51. gxf5 Kxf5 52. Kc4 Ke4 53.
a4 Nf4 54. h4 h5 55. Kb5 Nd5 56. Ka6 Nb6 57. Kxa7 Nxa4 58. Ka6 Kf4 59. Ka5 Kg4
60. Kxa4 Kxh4 61. Kb3 Kg3 62. Kb4 h4 63. Kb5 h3 64. Kb6 h2 65. Kb5 h1=Q 66. Kb6
Qh5 67. Kc6 Kf3 0-1

[Event "Int. Championship of Central Serbia - OP"]
[Site "Paracin"]
[Date "2011.07.14"]
[Round "8.17"]
[White "Lazovic, Bozidar"]
[Black "Lukic, Milutin"]
[Result "1/2-1/2"]
[WhiteElo "1744"]
[BlackElo "2026"]
[PlyCount "120"]
[EventDate "2011.07.08"]

1. e4 c5 2. g3 g6 3. Bg2 Nc6 4. Ne2 Bg7 5. O-O d6 6. Nbc3 Bg4 7. h3 Bd7 8. d3
Qc8 9. Kh2 h5 10. Be3 h4 11. g4 Nf6 12. f3 a6 13. Rb1 b5 14. d4 c4 15. Nf4 Rb8
16. Nfd5 Nxd5 17. Nxd5 e6 18. Nf4 Ne7 19. Ne2 Qc7 20. f4 d5 21. e5 f6 22. Kh1
Bc6 23. Qd2 Kd7 24. b3 Rbf8 25. bxc4 dxc4 26. Nc3 Bxg2+ 27. Kxg2 Qc6+ 28. Kh2
f5 29. g5 Rb8 30. Rbd1 Nd5 31. Nxd5 Qxd5 32. Qg2 Kc6 33. Qd2 b4 34. Rb1 a5 35.
c3 Bf8 36. cxb4 Bxb4 37. Qc2 Kd7 38. a3 Be7 39. Rbc1 Rhc8 40. Bf2 Rb3 41. Bxh4
Rh8 42. Bg3 Rhb8 43. a4 Rd3 44. Qxc4 Rb2+ 45. Rf2 Rxf2+ 46. Bxf2 Qxc4 47. Rxc4
Rd2 48. Kg2 Bb4 49. Kf1 Ra2 50. h4 Rxa4 51. Ke2 Ra2+ 52. Kf3 Ra3+ 53. Ke2 Ra2+
54. Kf3 Bd2 55. Bg3 Ra3+ 56. Ke2 Ra2 57. Kd3 Bb4 58. Ke3 Bd2+ 59. Kd3 a4 60.
Rc2 Ra3+ 1/2-1/2

[Event "Int. Championship of Central Serbia - OP"]
[Site "Paracin"]
[Date "2011.07.14"]
[Round "8.18"]
[White "Kosir, Franci"]
[Black "Jakovljevic, Zdravko"]
[Result "1-0"]
[WhiteElo "1978"]
[BlackElo "1672"]
[PlyCount "99"]
[EventDate "2011.07.08"]

1. e4 e5 2. Nf3 Nf6 3. Nxe5 d6 4. Nf3 Nxe4 5. d4 d5 6. Bd3 Bd6 7. O-O O-O 8. c4
c6 9. Re1 f5 10. Nc3 Be6 11. Qb3 b6 12. cxd5 cxd5 13. Nb5 Nc6 14. Nxd6 Qxd6 15.
g3 Kh8 16. a3 Rac8 17. Bf4 Qd8 18. Ba6 Na5 19. Qd3 Rc6 20. Ne5 Rd6 21. f3 Nf6
22. Rac1 Bd7 23. Nxd7 Qxd7 24. Bxd6 Qxd6 25. Qxf5 Nc6 26. Qd3 Nh5 27. Kg2 Qf6
28. Bb5 Nxd4 29. Re8 Rxe8 30. Bxe8 g6 31. Bd7 Kg7 32. Rd1 Nf5 33. Bxf5 gxf5 34.
Qc3 Qxc3 35. bxc3 Nf6 36. Kf2 Kf7 37. Ke3 Ke6 38. Kf4 Nd7 39. Re1+ Kf6 40. Re8
h6 41. Rd8 Ke7 42. Rxd7+ Kxd7 43. Kxf5 Kd6 44. f4 Kc5 45. Ke5 a5 46. f5 b5 47.
f6 Kc4 48. f7 Kxc3 49. Kxd5 Kb3 50. f8=Q 1-0

[Event "Int. Championship of Central Serbia - OP"]
[Site "Paracin"]
[Date "2011.07.14"]
[Round "8.19"]
[White "Znidaric, Anze"]
[Black "Jovic, Slavko"]
[Result "1-0"]
[WhiteElo "1706"]
[BlackElo "1957"]
[PlyCount "99"]
[EventDate "2011.07.08"]

1. e4 c5 2. Nf3 e6 3. d4 cxd4 4. Nxd4 Nf6 5. Nc3 Nc6 6. Ndb5 d6 7. Bf4 e5 8.
Bg5 a6 9. Na3 b5 10. Nd5 Be7 11. Bxf6 Bxf6 12. c4 b4 13. Nc2 a5 14. g3 Bg5 15.
Bg2 O-O 16. O-O Kh8 17. b3 Be6 18. Nde3 g6 19. Qd3 Qd7 20. Rad1 Rad8 21. Rd2
Qa7 22. Rfd1 Qc5 23. Qe2 Rd7 24. Rd3 Ra8 25. Bf3 Bxe3 26. Qxe3 Qxe3 27. Rxe3
Kg8 28. Red3 Rad8 29. Bg2 Kf8 30. h4 Ke7 31. Kh2 Ra7 32. Bh3 a4 33. R3d2 axb3
34. axb3 Ra5 35. Rd3 f5 36. Bg2 Ra6 37. R3d2 Na5 38. Rd3 Nc6 39. R3d2 Na5 40.
Rd3 Nc6 41. R3d2 f4 42. Bh3 fxg3+ 43. fxg3 Bxh3 44. Kxh3 Ke6 45. Rd5 Ra2 46.
R1d2 Ke7 47. Rb5 Rda8 48. Rb7+ Ke6 49. Rxh7 Kf6 50. Rxd6# 1-0

[Event "Int. Championship of Central Serbia - OP"]
[Site "Paracin"]
[Date "2011.07.14"]
[Round "8.20"]
[White "Cvetkovski, Slobodan"]
[Black "Pavlic, Petra"]
[Result "1-0"]
[WhiteElo "1957"]
[BlackElo "1547"]
[PlyCount "67"]
[EventDate "2011.07.08"]

1. e4 Nf6 2. Nc3 d5 3. e5 Nfd7 4. d4 c5 5. Nf3 e6 6. Bb5 Nc6 7. Bxc6 bxc6 8.
Bg5 Qb6 9. Na4 Qa5+ 10. c3 cxd4 11. Qxd4 c5 12. Qd1 Ba6 13. b3 h6 14. Bd2 Qc7
15. Bf4 Be7 16. Qc2 O-O 17. Bg3 Rfd8 18. Nb2 Rab8 19. h4 Qb6 20. c4 d4 21. Nd3
Bb7 22. Qe2 Qa5+ 23. Kf1 Bxf3 24. Qxf3 Rxb3 25. Bf4 Rb6 26. g4 Rdb8 27. Kg2 Qa6
28. Kg3 Qb7 29. Qe2 Nf8 30. g5 hxg5 31. hxg5 Qc6 32. Qh5 Ng6 33. Qh7+ Kf8 34.
Qh8+ 1-0

[Event "Int. Championship of Central Serbia - OP"]
[Site "Paracin"]
[Date "2011.07.14"]
[Round "8.22"]
[White "Radovic, Milos"]
[Black "Nikolic, Milan"]
[Result "1/2-1/2"]
[WhiteElo "1584"]
[BlackElo "1885"]
[PlyCount "133"]
[EventDate "2011.07.08"]

1. g3 Nf6 2. Bg2 e5 3. d3 Bc5 4. Nf3 d6 5. h3 Nc6 6. e4 O-O 7. O-O Nh5 8. Nxe5
Nxg3 9. Nxc6 bxc6 10. Re1 Qf6 11. Qf3 Nh5 12. Qxf6 Nxf6 13. Be3 Bb4 14. Re2 Bd7
15. Nd2 Nh5 16. Kh2 f5 17. c3 Ba5 18. f3 f4 19. Bf2 g5 20. Nc4 Bb6 21. d4 Rfe8
22. Nd2 Rab8 23. b4 d5 24. e5 Bf5 25. Ree1 a5 26. a3 axb4 27. axb4 Ra8 28. Bf1
Ng7 29. Be2 h5 30. Kg2 Kf7 31. Rec1 Ne6 32. Nb3 g4 33. hxg4 hxg4 34. fxg4 Rxa1
35. Rxa1 Rg8 36. Rg1 Be4+ 37. Kf1 f3 38. Bd1 Ra8 39. Be3 Ra2 40. Rg3 Rb2 41.
Nd2 Kg6 42. Bxf3 Ng5 43. Bxg5 Kxg5 44. Nxe4+ dxe4 45. Bxe4 Kf4 46. Rg2 Rb3 47.
Bxc6 Rxc3 48. b5 Bxd4 49. e6 Bf6 50. Ke2 Rc2+ 51. Kd3 Rxg2 52. Bxg2 Ke5 53. Bh3
Kd6 54. Ke4 Ke7 55. Kf5 Bd4 56. g5 Bc3 57. Kg6 Bd2 58. Kh5 Be3 59. g6 Kf6 60.
Bg4 Bd2 61. Bh3 Be3 62. Bg4 Bd2 63. Bf3 Kxe6 64. Be4 Kf6 65. Kg4 Bh6 66. Kf3
Ke5 67. Bc6 1/2-1/2